000 00559nam a22001817a 4500
003 0
005 20230830132427.0
008 230830b xxu||||| |||| 00| 0 eng d
020 _a978-621-448-173-6
050 _aPR 9550
_b.T88 2022
100 _aTuvera, Katrina
245 _aThe collaborators
_cKatrina Tuvera
260 _aQuezon City
_bBughaw, an imprint of Ateneo de Manila University Press
_cc2022.
300 _aviii, 203 pages ;
_c21 cm.
500 _aPhilippine fiction (English).
650 _aPhilippine fiction (English).
942 _2lcc
_cBK
999 _c365226
_d365226